Engineering mechanics : (Record no. 4934)
[ view plain ]
| 000 -LEADER | |
|---|---|
| fixed length control field | 02047nac a22003131u 4500 |
| 008 - FIXED-LENGTH DATA ELEMENTS--GENERAL INFORMATION | |
| fixed length control field | 091208t xxu||||| |||| 00| 0 eng d |
| 010 ## - LIBRARY OF CONGRESS CONTROL NUMBER | |
| LC control number | 2004269766 |
| 020 ## - INTERNATIONAL STANDARD BOOK NUMBER | |
| International Standard Book Number | 0132038102 |
| 020 ## - INTERNATIONAL STANDARD BOOK NUMBER | |
| International Standard Book Number | 9780132038102 |
| 082 00 - DEWEY DECIMAL CLASSIFICATION NUMBER | |
| Classification number | 620.105 |
| Item number | HIB |
| 100 ## - MAIN ENTRY--PERSONAL NAME | |
| Personal name | Schiavone, Peter. |
| 9 (RLIN) | 9742 |
| 245 10 - TITLE STATEMENT | |
| Title | Engineering Mechanics : |
| Remainder of title | Dynamic : Dynamics Study Pack Chapter Reviews, Free Body Diagram Work Book, Problems Website / |
| Statement of responsibility, etc | Peter Schiavone; R.C. Hibbeler |
| 246 30 - VARYING FORM OF TITLE | |
| Title proper/short title | Statics. |
| 250 ## - EDITION STATEMENT | |
| Edition statement | 11th ed. |
| 260 ## - PUBLICATION, DISTRIBUTION, ETC. (IMPRINT) | |
| Place of publication, distribution, etc | Upper Saddle River, NJ : |
| Name of publisher, distributor, etc | Prentice Hall, 2007 |
| Date of publication, distribution, etc | 2007. |
| 300 ## - PHYSICAL DESCRIPTION | |
| Extent | 162 p. : |
| Other physical details | col. ill. ; |
| Dimensions | 25 cm. |
| 650 #0 - SUBJECT ADDED ENTRY--TOPICAL TERM | |
| Topical term or geographic name as entry element | Dynamics. |
| 9 (RLIN) | 18767 |
| 650 #0 - SUBJECT ADDED ENTRY--TOPICAL TERM | |
| Topical term or geographic name as entry element | Dynamics |
| 9 (RLIN) | 22678 |
| General subdivision | problems, exercises |
| 700 ## - ADDED ENTRY--PERSONAL NAME | |
| Personal name | Hibbeler, R. C. |
| 9 (RLIN) | 10021 |
| 942 ## - ADDED ENTRY ELEMENTS (KOHA) | |
| Item type | Book - Borrowing |
| Call number prefix | 620.105 HIB |
| Source of classification or shelving scheme | Dewey Decimal Classification |
| Withdrawn status | Item status | Source of classification or shelving scheme | Damaged status | Not for loan | Vendor | Home library | Current library | Shelving location | Date acquired | Source of acquisition | Total Checkouts | Full call number | Barcode | Date last seen | Koha item type | Date last borrowed | Total Renewals | Materials specified (bound volume or other part) |
|---|---|---|---|---|---|---|---|---|---|---|---|---|---|---|---|---|---|---|
| Dewey Decimal Classification | Baccah | Central Library | Central Library | First floor | 22/03/2011 | 620.105 HIB | 000005991 | 15/07/2025 | Book - Borrowing | |||||||||
| Dewey Decimal Classification | Baccah | Central Library | Central Library | First floor | 08/12/2009 | 1 | 620.105 HIB | 000019202 | 15/07/2025 | Book - Borrowing | 16/12/2014 | |||||||
| Dewey Decimal Classification | Baccah | Central Library | Central Library | First floor | 08/12/2009 | 2 | 620.105 HIB | 000019201 | 15/07/2025 | Book - Borrowing | 16/12/2014 | 3 | ||||||
| Dewey Decimal Classification | Baccah | Central Library | Central Library | First floor | 08/12/2009 | 620.105 HIB | 000019200 | 15/07/2025 | Book - Borrowing | |||||||||
| Dewey Decimal Classification | Baccah | Central Library | Central Library | First floor | 08/12/2009 | 620.105 HIB | 000019199 | 15/07/2025 | NB - Book (Non borrowing) | Lost_In_Inventory_11-6-2024 | ||||||||
| Dewey Decimal Classification | Baccah | Central Library | Central Library | First floor | 22/03/2011 | 620.105 HIB | 000007115 | 15/07/2025 | Book - Borrowing | |||||||||
| Dewey Decimal Classification | Central Library | Central Library | First floor | 22/03/2011 | Donation | 3 | 620.105 HIB | 000015834 | 15/07/2025 | Book - Borrowing | 16/12/2014 | 4 | ||||||
| Dewey Decimal Classification | Baccah | Central Library | Central Library | First floor | 22/03/2011 | 1 | 620.105 HIB | 000007121 | 15/07/2025 | Book - Borrowing | 12/12/2013 | |||||||
| Dewey Decimal Classification | Central Library | Central Library | First floor | 09/05/2018 | 620.104 HIB | 000047732 | 15/07/2025 | Book - Borrowing |